000
00356nam a2200157Ia 4500
008
150909s9999 xx 000 0 und d
082
_a
330
_b
EP
100
_a
Economic Botony
100
_e
Compiler
245
_a
Economic Botony
260
_a
New Delhi
260
_b
Economic Botony
650
_a
Economic Botony
942
_c
BV
942
_2
ddc
999
_c
196583
_d
196583